logo

Bir Sreshtho Munshi Abdur Rouf Library
Jhenaidah Cadet College

Principles of chemistry / (Record no. 10545)

MARC details
000 -LEADER
fixed length control field 00760cam a2200301 a 4500
001 - CONTROL NUMBER
JCCL Control Number 10545
003 - CONTROL NUMBER IDENTIFIER
JCCL marc code BD-JhCC
005 - DATE AND TIME OF LATEST TRANSACTION
control field 20180621132105.0
008 - FIXED-LENGTH DATA ELEMENTS--GENERAL INFORMATION
fixed length control field 730801s1946 caua 000 0 eng
035 ## - SYSTEM CONTROL NUMBER
system control number BD-JhCC
035 ## - SYSTEM CONTROL NUMBER
system control number ocm00669346
035 ## - SYSTEM CONTROL NUMBER
system control number (BD-JhCC)10545
035 ## - SYSTEM CONTROL NUMBER
system control number 178385
040 ## - CATALOGING SOURCE
Original cataloging agency BD-JhCC
Modifying agency BD-JhCC
041 ## - LANGUAGE CODE
Language code of Book eng
050 00 - LIBRARY OF CONGRESS CALL NUMBER
Classification number QD253
Item number .G4 1962
082 #0 - DEWEY DECIMAL CLASSIFICATION NUMBER
Classification number 540
Author mark and Year HIL 1947
096 ## - LOCALLY ASSIGNED NLM-TYPE CALL NUMBER (OCLC)
Classification number QD 253 G313p 1962
100 ## - MAIN ENTRY--PERSONAL NAME
Personal name Hildebrand, Joel H.
245 10 - TITLE STATEMENT
Title Principles of chemistry /
Statement of responsibility, etc Joel H. Hildebrand
250 ## - EDITION STATEMENT
Edition statement 2d ed.
260 ## - PUBLICATION, DISTRIBUTION, ETC. (IMPRINT)
Place of publication, distribution, etc San Francisco,
Name of publisher, distributor, etc W.H. Freeman
Date of publication, distribution, etc 1947
300 ## - PHYSICAL DESCRIPTION
Pagination 446 p. :
Other physical details illus.
Dimensions 25 cm.
490 0# - SERIES STATEMENT
Series statement A Series of chemistry books
650 #0 - SUBJECT ADDED ENTRY--TOPICAL TERM
Topical term or geographic name as entry element Chemistry
942 ## - ADDED ENTRY ELEMENTS (KOHA)
Source of classification or shelving scheme Dewey Decimal Classification
Koha item type Books
Holdings
Source of classification or shelving scheme Damaged status Not for loan Home library Current library Shelving location Date of accession Total Checkouts Full call number Barcode Date last seen Copy number Koha item type
Dewey Decimal Classification     JCC Rouf Library JCC Rouf Library General Stacks 06/21/2018   540 HIL 1947 11649 06/21/2018 C-1 Books

JCC Library | Contacts | JCC Home

Last Update on 23 September 2017
Copyright @ 2017-2020 JCC Rouf Library
Rouf Library, Jhenidah Cadet College (JCC), Bangladesh